Normal view
MARC view
Entry Nombre corporativo
001 - NÚMERO DE CONTROL
- campo de control: 25928
003 - IDENTIFICADOR DEL NÚMERO DE CONTROL
- campo de control: OSt
005 - FECHA Y HORA DE LA ÚLTIMA TRANSACCIÓN
- campo de control: 20220127111958.0
008 - DATOS DE LONGITUD FIJA
- campo de control de longitud fija: 980416|| aznnnabb| un and |u
040 ## - FUENTE DE LA CATALOGACIÓN
- Centro catalogador/agencia de origen: OSt
- Centro/agencia transcriptor: OSt
110 00 - ENCABEZAMIENTO-NOMBRE DE ENTIDAD CORPORATIVA
- Nombre de entidad corporativa o nombre de jurisdicción como elemento de entrada: Comités Interinstitucionales para la Evaluación de la Educación Superior. México. Comité de Difusión y Extensión de la Cultura
410 00 - TRAZADO DE VÉASE--NOMBRE DE ENTIDAD CORPORATIVA
- Nombre de entidad corporativa o nombre de jurisdicción como elemento de entrada: México. Corrdinación Nacional para la Planeación de la Educación Superior. Comités Interinstitucionales para la Evaluación de la Educación Superior. Comité de Difusión y Extensión de la Cultura
